000 00414nam a2200157Ia 4500
003 Ost
005 20260225132546.0
008 260225s9999||||xx |||||||||||||| ||und||
040 _cfsic
041 _afre
082 _a440
100 _aAbdelkader SidAhmed
_eAuteur
245 0 _aEconomie de l'industrialisation à partir des ressources naturelles :
245 0 _bI.B.R /
_cAbdelkader SidAhmed
942 _cكتاب
999 _c33842
_d33842